| 000 | 00423cam a22001331 4500 | ||
|---|---|---|---|
| 082 |
_a386.44 _bHAS |
||
| 100 | 1 |
_aHaskin, Frederic Jennings, _949918 |
|
| 245 | 1 | 4 | _aThe Panama Canal ... |
| 260 |
_aGarden City, N. Y. : _bDoubleday, Page & company, _c1913. |
||
| 300 |
_ax, 386 p. : _bfold. col. front., illus., plates, ports. ; _c21 cm. |
||
| 526 |
_a0 _b0 _c0 _d386_440000000000000_HAS |
||
| 650 |
_aMCE _9379 |
||
| 942 |
_2ddc _cBK |
||
| 999 |
_c552657 _d552657 |
||